駅名に「竹」を含む駅 - Statistics

General Stats
  • This quiz has been taken 84 times
  • The average score is 10 of 25
Answer Stats
Hint Answer % Correct
京都府 竹田
84%
兵庫県 竹田
84%
広島県 大竹
73%
広島県 竹原
64%
福岡県 小竹
64%
東京都 小竹向原
50%
東京都 竹ノ塚
50%
大分県 豊後竹田
46%
東京都 竹橋
43%
宮城県 苦竹
41%
兵庫県 竹野
39%
千葉県 竹岡
37%
福岡県 竹下
36%
埼玉県 竹沢
34%
埼玉県 東武竹沢
29%
東京都 竹芝
29%
愛知県 竹村
24%
長崎県 竹松
23%
大分県 竹中
23%
兵庫県 丹波竹田
21%
三重県 伊勢竹原
17%
北海道 竹浦
16%
福井県 越前竹原
10%
岐阜県 竹鼻
10%
長野県 信濃竹原
9%
No matching quizzes found
Score Distribution
Percent of People with Each Score
Percentile by Number Answered
Your Score History
You have not taken this quiz